Využitie Carry trades v praxi

Obchodovanie na burze. Charakteristika Carry trades. Využitie Carry trades v praxi.

Gespeichert in:
Bibliographische Detailangaben
1. Verfasser: Badura, Peter, 1978-
Weitere Verfasser: Kmeťko, Miroslav, 1969-
Format: Buchkapitel
Sprache:Slowakisch
Schlagworte:
Tags: Tag hinzufügen
Keine Tags, Fügen Sie das erste Tag hinzu!

MARC

LEADER 00000naa$a2200000$$$4500
001 0181162
005 20240502073114.6
041 0 |a slo 
044 |a SK 
245 1 0 |a Využitie Carry trades v praxi  |c Peter Badura, Miroslav Kmeťko 
520 |a Obchodovanie na burze. Charakteristika Carry trades. Využitie Carry trades v praxi. 
610 2 0 |a burzy 
610 2 0 |a obchody burzové 
610 2 0 |a mena 
610 2 0 |a úrok 
610 2 0 |a výnosy 
610 2 0 |a jen 
610 2 0 |a dolár 
610 2 0 |a investície 
100 1 |a Badura, Peter, 1978- 
700 1 |a Kmeťko, Miroslav, 1969-